| 000 | 01278nam a2200277Ia 4500 | ||
|---|---|---|---|
| 999 |
_c5789 _d5789 |
||
| 003 | OSt | ||
| 005 | 20200609131033.0 | ||
| 008 | 191128s1992 sp ad gr 000 0dspa d | ||
| 020 | _a8485855639 | ||
| 040 |
_aCO-JMCR _cCO-JMCR |
||
| 041 | 0 | _aspa | |
| 082 | 0 | 4 |
_a330.1 / _bV173a _223 |
| 100 | 1 |
_aVarian, Hal R., _eautor _95227 |
|
| 245 | 1 | 0 |
_aAnálisis microeconómico / _cHal R. Varian ; Traducción de M. Ester Rebasco, Luis Toharia |
| 250 | _aTercera edición | ||
| 260 |
_aBarcelona : _bAntoni Bosch, _c1992 |
||
| 300 |
_axii, 637 páginas : _bgráficas ; _c23 cm. |
||
| 504 | _aBibliografía: páginas 623-630. | ||
| 505 | _aLa tecnología -- La maximización del beneficio -- La función de beneficios -- La minimización de los costes -- funciones de los costes -- La dualidad -- La maximización de la utilidad -- La elección -- La demanda -- El excedente de los consumidores | ||
| 520 | _aEsta nueva edición microeconómico es una profunda revisión de uno de los textos más utilizado en la enseñanza de los cursos avanzados de microeconomía. | ||
| 650 | 1 | 4 |
_aMicroeconomía _95228 |
| 650 | 2 | 4 |
_aTeoría económica _95229 |
| 700 | 1 |
_aRabasco Espariz, María Esther, _etraductora _94737 |
|
| 700 | 1 |
_aToharia, Luís, _etraductora _94738 |
|
| 942 |
_2ddc _cBK |
||